header

Content networking in the mobile Internet (Record no. 209721)

MARC details
000 -LEADER
fixed length control field 01186nam a22003134a 4500
082 04 - DEWEY DECIMAL CLASSIFICATION NUMBER
Classification number 004.67/8
245 00 - TITLE STATEMENT
Title Content networking in the mobile Internet
260 ## - PUBLICATION, DISTRIBUTION, ETC. (IMPRINT)
Place of publication Hoboken, N.J. :
Name of publisher John Wiley & Sons,
Year of publication c2004.
300 ## - PHYSICAL DESCRIPTION
Number of Pages xxxi, 547 p. :
Other physical details ill.
650 #0 - SUBJECT ADDED ENTRY--TOPICAL TERM
Topical Term Wireless Internet.
Topical Term Computer networks.
700 1# - ADDED ENTRY--PERSONAL NAME
Personal name Dixit, Sudhir.
Personal name Wu, Tao,
856 40 - ELECTRONIC LOCATION AND ACCESS
Uniform Resource Identifier http://site.ebrary.com/lib/rucke/Doc?id=10114008

No items available.

© 2026 Rongo University
Contact us: librarian | system librarian | Rongo university